ICRISAT annual report 1987
Đã lưu trong:
| 格式: | 图书 |
|---|---|
| 语言: | Undetermined |
| 出版: |
India
ICRISAT
1988
|
| 主题: | |
| 标签: |
添加标签
没有标签, 成为第一个标记此记录!
|
| Thư viện lưu trữ: | Trung tâm Học liệu Trường Đại học Cần Thơ |
|---|
| LEADER | 00401nam a2200157Ia 4500 | ||
|---|---|---|---|
| 001 | CTU_30145 | ||
| 008 | 210402s9999 xx 000 0 und d | ||
| 082 | |a 631 | ||
| 082 | |b I61 | ||
| 245 | 0 | |a ICRISAT annual report 1987 | |
| 260 | |a India | ||
| 260 | |b ICRISAT | ||
| 260 | |c 1988 | ||
| 650 | |a crops - improvement | ||
| 904 | |i Liên, 990308 | ||
| 980 | |a Trung tâm Học liệu Trường Đại học Cần Thơ | ||